MARC

LEADER 00000nab a2200000 a 4500
001 vtls000901070
003 SK-MaSNL
005 20260302175716.0
008 040720e19990602xo 0 slo
035 |a KE10055 
040 |a KEVKJB  |b slo  |c KEVKJB  |e AACR2 
041 0 |a slo 
044 |a xo  |c SK 
080 |a 614.88  |2 1981 
110 2 |a Tlačová agentúra Slovenskej republiky  |4 aut  |9 177619 
245 0 0 |a Zmena poskytovania LSPP v Košiciach 
518 |a 1.6.1999 
518 |a 16,00 hod 
610 2 7 |a Lekárska služba prvej pomoci, Košice  |2 KEVKJB  |9 885869 
610 2 7 |a LSPP  |2 KEVKJB  |9 885870 
650 0 7 |a čas prevádzkový  |2 KEVKJB  |9 887639 
650 0 7 |a zmena  |2 KEVKJB  |9 887640 
650 0 7 |a začiatky  |2 KEVKJB  |9 881532 
650 0 7 |a oznamy  |2 KEVKJB  |9 880600 
651 7 |a Toryská ulica (Košice, Slovensko)  |2 KEVKJB  |9 887353 
651 7 |a Košice (Slovensko)  |2 KEVKJB  |9 18694 
651 7 |a KE,  |2 KEVKJB  |9 877256 
655 7 |a periodikum  |2 snkbucl  |9 29553 
710 2 |a Lekárska služba prvej pomoci, Košice  |4 aut  |9 885869 
773 0 8 |t Korzár  |g Roč. 2, č.125, 2.6.1999, s. 3 
852 |a ZVYKNI  |b KIS3GCP 
999 |c 1408006  |d 1409936